Statistics for Esperanto vocabulary 2

Click here to take the quiz!

General Stats

  • This quiz has been taken 19 times
  • The average score is 18 of 30

Answer Stats

Esperanto English % Correct
longalong
100%
tablotable
94%
enin
94%
domohouse
88%
deof
88%
mallongashort
88%
estasare
81%
novanew
81%
malnovaold (not new)
81%
ĉambroroom
75%
suron
69%
virojmen
63%
interbetween
63%
subbelow
63%
superabove
63%
virinojwomen
63%
malplenaempty
56%
plenafull
56%
malsekawet
50%
sekadry
50%
pordodoor
50%
seĝochair
44%
plankofloor
38%
larĝawide
31%
tegmentoroof
31%
mallarĝanarrow
31%
malantaŭbehind
25%
plafonoceiling
25%
antaŭin front of
19%
apudbeside
0%

Score Distribution

Percentile by Number Answered

Percent of People with Each Score

Your Score History

You have not taken this quiz